Statistics for Alphabet of Croatian famous people

Click here to take the quiz!

General Stats

  • This quiz has been taken 1,212 times
  • The average score is 14 of 20

Answer Stats

LetterQuestionAnswer% Correct
LModrić(football player)Luka
96%
NTesla(inventor)Nikola
94%
MMandžukić(football player)Mario
91%
AŠenoa(writer)August
90%
BIvana Mažuranić(writer)Brlić
90%
JJelačić(banus, governor)Josip
89%
RRuđer(inventor)Bošković
85%
ŠDavor(football player )Šuker
83%
GGoran (tennis player )Ivanišević
81%
KKostelić (skier)Janica
81%
DDuvnjak(handball player)Domagoj
78%
FFaust(inventor)Vrančić
76%
CMirko Filipović (boxer)CroCop
73%
SPerković (discus thrower)Sandra
73%
TToni (basketball player )Kukoč
65%
PPenkala(inventor)Slavoljub
62%
IIvo(writer)Andrić
61%
VVladimir(chemist )Prelog
38%
LJLjubek(canoer)Matija
26%
EEdin(he played lute with Sting)Karamazov
8%

Score Distribution

Percentile by Number Answered

Percent of People with Each Score

Your Score History

You have not taken this quiz